000 00571nam a2200181Ia 4500
003 IN-BaIIA
008 211028s9999 xx 000 0 eng d
020 _a0-340-23022-3
040 _cIIA Library
080 _a52-37
_bSAG
100 _aSagan, Carl
_94728
245 4 _aThe dragons of eden
_bspeculations of the evolution of human intelligence
_cCarl Sagan
260 _aHodder
_bCoronet Books
_c1979
300 _a263p.
650 _aAstronomy and astrophysics thesaurus
650 _aOrigin of life
_93519
942 _cBK
999 _c9012
_d9012